[Event "Candidates qf3"]
[Site "Brussels"]
[Date "1991.??.??"]
[Round "8"]
[White "Jussupow, Artur"]
[Black "Ivanchuk, Vassily"]
[Result "1-0"]
[WhiteElo "2625"]
[BlackElo "2735"]
[Annotator "Lautier,J"]
[PlyCount "75"]
[EventDate "1991.08.??"]
[EventType "match"]
[EventRounds "8"]
[EventCountry "BEL"]
[SourceTitle "Candidates"]
[Source "ChessBase"]
[SourceDate "1999.07.01"]
[SourceVersion "2"]
[SourceVersionDate "1999.07.01"]
[SourceQuality "1"]

1. d4 {Yusupov Ftacnik} Nf6 2. c4 e6 3. Nc3 Bb4 4. e3 b6 5. Bd3 Bb7 6. Nf3 O-O
7. O-O c5 8. Bd2 (8. Na4 {Yusupov}) 8... cxd4 (8... d6 {Ftacnik}) 9. exd4 d5
10. cxd5 Nxd5 (10... Bxc3 {Ftacnik} 11. bxc3 Qxd5 12. Re1 Nbd7 13. Qe2 Qh5 14.
a4 a6 15. Reb1 Rfd8 $10 {Reshevsky,S-Smyslov,V/Zurich ct/1953/}) 11. Rc1 {
A new move, but not very impressive.} (11. Re1 $1 {is more precise, since
Black is not able to develop his knight on c6 so easily} Nd7 (11... Nc6 $6 12.
Nxd5 Bxd2 (12... Qxd5 $2 13. Be4 Qd6 14. Bxb4 Qxb4 15. Qc2 h6 16. Bxc6 Rac8 17.
Qa4 $18) 13. Qxd2 Qxd5 14. Be4 Qd7 15. Rad1 {and White stands better})) (11.
Qe2 {Ftacnik} Nd7 12. Rac1 N7f6 13. Ne5 Rc8 14. Rfd1 Qe7 15. Ba6 Rfd8 16. h3
Bd6 $10 {King,D-Crawley,G/BCF-ch/1989/}) (11. Qe2 {Yusupov}) (11. Re1 {Yusupov}
) (11. Ne5 $5 {Yusupov}) 11... Nc6 (11... Nd7 {Ftacnik} 12. Re1 N7f6 $13) 12.
Re1 (12. Qe2 $5 {Yusupov}) 12... Rc8 (12... Nf6 {Ftacnik} 13. Bg5) 13. Re4 {
Rather dubious, but understable given the match situation: Yusupov has to win.
13.Bb1 should be preferred, though.} Nce7 (13... Be7 $6 {would stop 14.Rh4,
but not White's attack. For example:} 14. Nxd5 (14. Rg4 {Yusupov} Nf6 15. Rh4
$36) 14... Qxd5 15. Rg4 Nb4 $2 16. Be4 Qh5 17. Ne5 $16) (13... Nxc3 {Ftacnik}
14. bxc3 Be7 (14... Ba3 $6 {Yusupov} 15. Rb1 {/\Rb5->})) 14. Nxd5 {White
exchanges at the appropriate moment, preventing Black from locking the
kingside with 14...Ng6.} (14. Rh4 {Yusupov} Ng6 $22 15. Rh3 Ndf4 16. Bxf4 Nxf4
17. Bxh7+ Kh8 18. Rh4 Bxf3 $19) 14... Nxd5 (14... Bxd2 {Ftacnik} 15. Nxe7+ Qxe7
16. Qxd2 Bxe4 17. Bxe4 $16) (14... exd5 $2 {Ftacnik} 15. Rh4 $18) 15. Rh4 g6 (
15... h6 $6 16. Rxc8 Qxc8 17. Ne5 $16) (15... Bxd2 $2 {Ftacnik} 16. Bxh7+ Kh8
17. Qxd2 $18) (15... f5 {Ftacnik} 16. Rh3 $14) (15... f5 $13 {Yusupov}) 16.
Rxc8 Qxc8 (16... Bxc8 $2 17. Bxb4 (17. Ng5 {Ftacnik} Bxd2 18. Qxd2 h5 19. Nf3
$14) 17... Nxb4 18. Qd2 $1 Nxd3 (18... Nd5 19. Qh6 Nf6 20. Ng5 $18) 19. Qh6 Re8
20. Qxh7+ (20. Ng5 {Yusupov} Qf6 21. Ne4 Qxd4 22. Qg5 Kg7 $10) 20... Kf8 21.
Qh6+ Ke7 22. Qg5+ Kd6 (22... Kd7 23. Qb5+) 23. Qb5 $1 g5 24. Nxg5 $18) 17. Ng5
(17. Bxb4 $2 {Ftacnik} Nxb4 18. Bb1 Bxf3 $17) (17. Ne5 {Yusupov} Qc7 {/\Rc8<=>}
) 17... Be7 $1 (17... h5 18. g4 (18. Rxh5 $2 Bxd2 (18... gxh5 $2 19. Qxh5 Nf6
20. Qh6 $18) 19. Qxd2 gxh5 20. Ne4 f6 21. Qh6 Qc7 $19) 18... Bxd2 19. Qxd2 Nb4
(19... Nf6 20. gxh5 Qc6 21. Ne4 $18) 20. Be4 (20. Qxb4 $2 Qc1+ 21. Bf1 Qxg5 $19
) (20. gxh5 $2 Nxd3 21. hxg6 fxg6 $19) 20... Bxe4 21. Nxe4 Qd8 (21... Qc2 22.
Nf6+ Kg7 23. Qg5 $18) 22. Rh3 hxg4 23. Rh8+ $1 Kxh8 24. Qh6+ Kg8 25. Ng5 Qxg5
26. Qxg5 {with a favorable ending, though tough to win.}) (17... Bxd2 18. Qxd2
Nf6 $2 (18... h5 {Ftacnik} 19. Nf3 Kg7 20. Rxh5 $1) (18... Qc6 {Yusupov} 19.
Nxh7 Rc8 20. Bf1 $22 Qc1 21. Qe2 Nf4 22. Qe3 Bxg2 23. Nf6+ Kg7 (23... Kf8 24.
Rh8+ Kg7 (24... Ke7 25. Re8+ $18) 25. Ne8+ $18) 24. Ne8+ Kf8 25. Rh8+ Ke7 26.
Qa3+ Rc5 27. Qxa7+ $18) 19. Nxh7 $1 Nxh7 20. Qh6 $18 (20. Qh6 Rd8 21. Qxh7+ Kf8
22. Qh6+ $16)) (17... h5 $5 {Ftacnik}) 18. Qg4 Ba6 $6 (18... Nf6 $1 19. Qh3 h5
20. g4 $2 Qc6 21. f3 Qa4 $1 $19) (18... f5 {Yusupov} 19. Qe2 $13) 19. Qh3 (19.
Rxh7 {Yusupov} Bxg5 20. Qxg5 Kxh7 21. Bxg6+ fxg6 22. Qh6+ $10) 19... h5 (19...
Bxd3 $2 20. Rxh7 Qc2 (20... Bf6 21. Rg7+ $1 (21. Rh8+ $1 $18 {Yusupov}) 21...
Bxg7 22. Qh7#) (20... Bxg5 21. Bxg5 {with mate to follow}) 21. Rh8+ Kg7 22.
Rg8+ $1 (22. Qh7+ {Ftacnik} Kf6 23. Ne4+ Bxe4 24. Bg5+ Kxg5 25. Qh4+ Kf5 26.
g4+ Kf4 27. Qg3+ Kg5 28. h4+ Kf6 29. Qe5#) 22... Rxg8 23. Qh7+ Kf6 24. Qxf7#) (
19... Bxg5 {Ftacnik} 20. Bxg5 h5 21. Bb1 $40 (21. g4 $36 {Yusupov})) 20. Rxh5
$1 (20. Bxa6 $2 {Yusupov} Qxa6 {/\Qe2-/+}) 20... gxh5 21. Bh7+ Kg7 (21... Kh8
22. Qxh5 Nf6 23. Qh4 (23. Qh6 $2 Ng4 (23... Bc4 {Ftacnik} 24. Bb1+ Kg8 25. Nh7
Nd5 26. Nxf8 $18) (23... Ng4 {Yusupov} 24. Qh3 $40)) 23... Bb7 (23... Kg7 $140
24. Nxe6+ $1 $16) 24. Bb1+ Kg8 25. Nh7 $1 $18) 22. Qxh5 Nf6 $2 (22... Bb4 $6
23. Nxf7 Rxf7 24. Qh6+ (24. Bg5 $6 Qe8 (24... Kf8 25. Bg6 Rg7 26. Qh8+ Rg8 27.
Qh7 Rg7 28. Bh6 Qc1+ 29. Bxc1 Rxh7 30. Bxh7 $146) 25. Qh6+ Kh8 26. Bf5+ Kg8 27.
Bxe6 Bd3 $19) 24... Kh8 25. Bf5+ Kg8 26. Qg6+ (26. Bxe6 $2 Qc2 (26... Bxd2 $2
27. Qg6+ $18) 27. Qg5+ (27. Bxf7+ {Yusupov} Kxf7 28. Qh5+ $10) 27... Kh8 28.
Qe5+ Rg7 29. Qh5+ Qh7 30. Qe8+ Rg8 31. Bxg8 Qb1+ 32. Be1 (32. Qe1 Qxe1+ 33.
Bxe1 Kxg8 $19) 32... Nf6 $19) 26... Kh8 (26... Rg7 $2 27. Bxe6+ Kh8 28. Qh5+
Rh7 29. Qe5+ $18) (26... Kf8 $2 27. Bxe6 $16) 27. Bxe6 $1 (27. Qh6+ $10) 27...
Qg8 28. Qxf7 Qxf7 29. Bxf7 Bxd2 30. Bxd5 Bc1 31. b3 Bb2 $14) (22... Bxg5 $1 23.
Bxg5 (23. Qxg5+ {Ftacnik} Kxh7 24. Qh6+ Kg8 25. Qg5+ $10) 23... f6 24. Be4 (24.
Qg6+ Kh8 25. Bh6 (25. Qh6 Rf7) (25. Bg8 Qd7) 25... Qc7 $1 26. Bxf8 Qc1#) 24...
Rh8 (24... f5 25. Bh6+ Kf6 26. Qg5+ Kf7 27. Qg7+ $18) 25. Qg6+ Kf8 26. Bxd5
exd5 27. Qxf6+ Kg8 28. Qg6+ Kf8 29. Qf6+ $10 (29. h4 $6 Qd7 {followed by ...Qf7
}) (29. Bd2 {Yusupov} Qc4 30. h3 {Nunn;/\a3+-})) (22... f6 {Ftacnik} 23. Nxe6+
Qxe6 24. Qh6+ $18) (22... Be2 $5 {Ftacnik} 23. g4 $5 (23. f3 {Yusupov} Nf6 24.
Nxe6+ fxe6 25. Qh6+ Kh8 26. Bf5+ Kg8 27. Qg5+ Kh8 28. Qh4+ Kg7 29. Qg3+ Kh8 30.
Qh3+ Kg7 31. Bxe6 $18)) 23. Nxe6+ $1 fxe6 (23... Qxe6 24. Qh6+ Kh8 25. Bf5+ Kg8
26. Bxe6 fxe6 27. Qg6+ Kh8 28. Bh6 Rg8 29. Qf7 Bd8 30. Bf4 $18) 24. Qh6+ Kh8
25. Bf5+ Kg8 26. Qg5+ Kh8 27. Qh4+ Kg8 28. Qg5+ Kh8 29. Qh4+ Kg8 30. Qg3+ Kh8
31. Qh3+ Kg7 32. Qg3+ Kh8 33. Qh3+ Kg7 34. Bxe6 Qxe6 (34... Rh8 {Ftacnik} 35.
Qg3+ Kf8 36. Bxc8 Bxc8 37. Qb8 $16) 35. Qxe6 Bd8 $6 (35... Re8 {was more
stubborn.} 36. Bg5 Bb5) 36. g4 Re8 37. Qf5 Bc4 38. g5 (38. g5 Ne4 (38... Nd5
39. Qd7+ Kf8 40. g6 $18) (38... Ng8 39. d5 $18) (38... Nh7 {Yusupov} 39. d5 $18
) 39. Bf4 $1 $18) 1-0

[Event "EU-ch 13th"]
[Site "Plovdiv"]
[Date "2012.03.30"]
[Round "10"]
[White "Fressinet, Laurent"]
[Black "Akopian, Vladimir Eduardovic"]
[Result "1-0"]
[WhiteElo "2693"]
[BlackElo "2684"]
[Annotator "Likavsky,T"]
[PlyCount "51"]
[EventDate "2012.03.20"]
[EventType "swiss"]
[EventRounds "11"]
[EventCountry "BUL"]
[SourceTitle "CBM 148"]
[Source "ChessBase"]
[SourceDate "2012.05.16"]
[SourceVersion "1"]
[SourceVersionDate "2012.05.16"]
[SourceQuality "1"]

1. d4 Nf6 2. Nf3 e6 3. c4 b6 4. e3 {The main line 4.g3 has been analysed too
much, so people are trying something new (or old-new).} Bb7 5. Nc3 Bb4 6. Bd3
O-O 7. O-O Bxc3 $6 {More frequent and better is 7...c5 (which still could
allow the capture on c3 sooner or later under better circumstances) or 7...d5.
The problem of the text move is that it gives up ^^ without an appropriate
recompense.} (7... c5 8. Na4 cxd4 9. exd4 Re8 10. a3 Bf8 11. Bf4 d6 12. Re1
Nbd7 13. Rc1 e5 14. dxe5 Bxf3 15. Qxf3 Nxe5 16. Bxe5 dxe5 17. Nc3 g6 18. Be4
Nxe4 19. Qxe4 Rc8 20. b4 Qd4 21. Qxd4 exd4 22. Rxe8 Rxe8 23. Nd5 Re2 {1/2
Carlsen,M (2815)-Karjakin,S (2776)/Medias 2011/CBM 143 (30)}) (7... d5 8. a3 (
8. cxd5 exd5 9. a3 Bd6 10. b4 Nbd7 11. Rb1 c6 12. e4 dxe4 13. Nxe4 Nxe4 14.
Bxe4 Nf6 15. Bc2 h6 16. Nh4 Qc7 17. g3 c5 18. bxc5 Qc6 19. f3 bxc5 20. Nf5 Rad8
21. Bxh6 {1-0 Wang Hao (2736)-Giri,A (2714)/Beijing 2011/CB00_2012 (38)}) 8...
Bd6 9. Qe2 c5 10. Rd1 Nbd7 11. cxd5 exd5 12. Ba6 Bxa6 13. Qxa6 c4 14. b3 Qc8
15. Qxc8 Rfxc8 16. Bd2 a6 17. a4 Bb4 18. Rdb1 cxb3 19. Rxb3 Rc4 {1/2 Topalov,V
(2775)-Giri,A (2690)/Monte Carlo 2011/CBM 142 (48)}) 8. bxc3 d6 9. Nd2 $1 $14 {
[%csl Yc1][%cal Ge3e4,Gf2f3,Yc1h6][%mdl 32] Very logical! Possessing the only
dark squared B on board White stands his pawns on white squares to open up
black diagonals, to restrict the Bb7 and Nf6 and to build up a strong centre.}
Nbd7 (9... c5 {looks more principled:} 10. e4 Nc6 {[%csl Rc4][%cal Yc6a5,Yb7a6,
Ya8c8,Yd8d7,Yd7a4] , although White has enough means to stop the press against
c4 or simply exploit the fact of the absence some black pieces from the
kingside (in the event of Na5, Ba6, Qa4).} 11. Bb2 $5 {[%cal Gf2f4,Gd4d5] just
a temporary place for the B} (11. d5 Ne5 (11... Na5 12. Nb3 $5) 12. Be2 {
[%cal Gf2f4]}) 11... Ba6 12. Qe2 {[%cal Gf2f4,Ge4e5]} e5 13. d5 Ne7 14. g3 {
[%cal Gg1h1,Gf2f4,Ga1e1,Gb2c1,Yd2f1,Yf1e3,Gf1g1]} (14. a4 {[%cal Ga4a5]})) 10.
e4 e5 {[%csl Rf5] Well, Black has stopped the e4-e5 possibility and he also in
fact has stopped an instant f2-f4 (due to the weakening of e4 after exf4), but
I don't see any active plan for him - just to sit and wait. Please, note the
free square on f5 for the white N too.} 11. f3 Re8 12. Rf2 $1 {[%cal Gd2f1,
Gf1e3,Gf1g3,Gg3f5,Ge3f5,Ge3d5,Yc1g5][%mdl 32]} c6 {Black confesses his wrong
strategy in this game. He plans to push d6-d5 (having no taste for just
sitting and waiting). This of course, will rid White of his doubled c-pawns
and he will be left with a nice position and ^^.} 13. Nf1 d5 14. Ng3 $1 $16 {
Another strategic blow. White is in no hurry to take cxd5 and to open the
c-file for his opponent.} Qc7 (14... dxe4 $6 15. fxe4 {[%cal Gf2f7]}) 15. Bg5
$5 {A little provocation.} h6 16. Be3 Rad8 17. Nf5 dxc4 $2 {An unlucky try to
slip out.} ({We can see the danger in a line like} 17... Bc8 18. Qc1 $1 dxe4
19. Bxh6 $1 exd3 20. Bxg7 Nh7 21. Qh6 Nc5 22. Bf6 $1 Ne6 23. Re1 $18) (17...
Re6 $5 {[%cal Ye6h6,Yf6e8] is may be more persistent - having some defending
ideas in a case of emergency, but Black would remain without a plan.}) 18. Bxc4
b5 19. Bb3 Nc5 (19... c5 20. Qc1 c4 (20... cxd4 21. Bxh6) 21. Bc2 $18) 20. Rd2
$1 $18 ({Black was dreaming about} 20. Bc2 $2 Bc8 $1) 20... Nxb3 (20... exd4
21. Bxd4 $18 {[%csl Gd4][%cal Gd4g7,Gd4a7]}) 21. axb3 {[%csl Ra7,Rb7,Rc5,Rd6,
Ye3,Yf5,Rg7,Rg8,Gh6][%cal Gd4e5,Ye3d4,Ga1a7]} a6 (21... Bc8 22. dxe5 (22. Nxg7
$5) 22... Bxf5 23. exf6 $18) 22. dxe5 Rxd2 23. Qxd2 Qxe5 (23... Rxe5 $142 {
, but even} 24. Bf4 $5 {is enough} Qb6+ 25. Qd4 Qxd4+ 26. cxd4 Re6 27. Nd6 Re7
28. Nxb7 Rxb7 29. Rxa6 $18) 24. Bd4 Qe6 (24... Rd8 25. Qf2 Qf4 26. g3 $18) 25.
Nxh6+ $1 Kh7 (25... gxh6 26. Qxh6 $18) 26. Nf5 {[%cal Gd2g5,Gf5g7] We have
seen some excellent strategic play by Laurent Fressinet all through this game.}
1-0

[Event "Corus"]
[Site "Wijk aan Zee"]
[Date "2010.01.19"]
[Round "4"]
[White "Kramnik, Vladimir"]
[Black "Tiviakov, Sergei"]
[Result "1/2-1/2"]
[WhiteElo "2788"]
[BlackElo "2662"]
[Annotator "Marin,M"]
[PlyCount "71"]
[EventDate "2010.01.16"]
[EventType "tourn"]
[EventRounds "13"]
[EventCountry "NED"]
[EventCategory "19"]
[SourceTitle "CBM 135"]
[Source "ChessBase"]
[SourceDate "2010.03.17"]
[SourceVersion "1"]
[SourceVersionDate "2010.03.17"]
[SourceQuality "1"]

1. d4 Nf6 2. c4 e6 3. Nc3 Bb4 4. Nf3 ({The usual move order characteristic for
the classical system would be} 4. e3 b6 5. Bd3 Bb7 6. Nf3) 4... b6 5. e3 Bb7 6.
Bd3 c5 7. O-O O-O 8. Bd2 cxd4 9. exd4 d5 10. cxd5 Nxd5 11. Qe2 Be7 12. Rfe1 Nd7
13. Rad1 N7f6 14. Ne5 Rc8 15. Bb1 Nxc3 16. bxc3 Qd5 17. f3 Rc7 18. Qf2 b5 19.
Qg3 Rfc8 20. Qh3 g6 21. Bg5 Nh5 22. Bd2 b4 23. c4 Qxd4+ 24. Kh1 Qh4 25. Qg4
Qxg4 26. fxg4 Ng7 27. Bf4 g5 28. Bg3 f6 29. Nf3 e5 30. Nxe5 fxe5 31. Bxe5 Rxc4
32. Bxg7 Rxg4 33. h3 Rxg2 34. Be4 Bxe4 35. Rxe4 Kxg7 36. Kxg2 1/2-1/2

[Event "RUS-ch 57th"]
[Site "Moscow"]
[Date "2004.11.22"]
[Round "7"]
[White "Dreev, Alexey"]
[Black "Motylev, Alexander"]
[Result "1/2-1/2"]
[WhiteElo "2698"]
[BlackElo "2651"]
[Annotator "Marin,M"]
[PlyCount "156"]
[EventDate "2004.11.15"]
[EventType "tourn"]
[EventRounds "11"]
[EventCountry "RUS"]
[EventCategory "18"]
[SourceTitle "CBM 104"]
[Source "ChessBase"]
[SourceDate "2005.01.27"]
[SourceVersion "1"]
[SourceVersionDate "2005.01.27"]
[SourceQuality "1"]

1. d4 Nf6 2. c4 e6 3. Nf3 b6 4. Nc3 Bb4 5. e3 O-O 6. Bd3 Bb7 7. O-O Bxc3 8.
bxc3 Ne4 9. Ne1 f5 10. f3 Ng5 11. Qc2 d6 12. d5 Na6 13. h4 Nf7 14. dxe6 Nh6 15.
e4 Qxh4 16. exf5 Nc5 17. Bxh6 Qxh6 18. g4 g6 19. Rf2 Rae8 20. Rh2 Qe3+ 21. Qf2
Qxf2+ 22. Kxf2 h5 23. Rg2 Kh8 24. Bc2 hxg4 25. Rxg4 gxf5 26. Rh4+ Kg7 27. Ng2
Nxe6 28. Ne3 Rh8 29. Nxf5+ Kf6 30. Rah1 Rxh4 31. Rxh4 Ng5 32. Rh6+ Kf7 33. Nd4
Rg8 34. f4 Ne4+ 35. Bxe4 Bxe4 36. Ne6 Rg2+ 37. Ke3 Bg6 38. Nxc7 Rxa2 39. Nb5
Kg7 40. Rh1 Rg2 41. Rd1 Rg3+ 42. Kf2 Rh3 43. Rxd6 a6 44. Rd7+ Kf6 45. Rd6+ Kg7
46. Nd4 Rxc3 47. f5 Bf7 48. Rxb6 Rxc4 49. Ke3 a5 50. Nf3 Rc7 51. Ra6 a4 52. Ne5
Bb3 {This game is illustrative for the fighting spirit of this championship.
In spite of the reduced material left on board and of perfect material
equality, White played on for more than 25 moves, hoping to convert his
spatial advantage and the higher activity into something more concrete. Try to
imagine the Kramnik-Leko match producing something similar!} 53. Kf4 Rb7 54.
Kg5 Rc7 55. Ra8 Rb7 56. Ng6 Rf7 57. Ra6 Rc7 58. Ne5 Rb7 59. Ra5 Rc7 60. Ra8 Rb7
{Black's play is relatively simple. The only thing heshould avoid for the
moment is fearing ghosts. The a-pawn might look less dangerous than his white
colleague, but ithas 2 important functions: it offers the bishop perfect
stability and it restricts the actions of the white rook.} 61. Ng6 {For the
time being, Dreev refrains from advancing his f-pawn, in order to maintain the
widest choice of plans.} (61. f6+ {would have also ofered not much in case of
accurate defence:} Kh7 62. Ra6 {White is trying to set up a zugzwang position.}
(62. Re8 {/\Re7} a3 $1 $11) 62... Rb5 $5 ({One of the few mistakes possible
would be} 62... Bc2 $2 {when after} 63. Re6 {/\Re7} a3 {White would win the
pawn with} 64. Ra6) ({but} 62... Rc7 63. Ra5 Bc2 {would be entirely playable.})
63. Ra7+ Kg8 64. Re7 (64. Kf4 {would make no significant difference after} Rb4+
65. Kf5 Rb5 $1) 64... a3 65. Kh6 Rxe5 $1 66. Rxe5 a2 67. Ra5 {and this
position would be a theoretical draw even without the a2-pawn.}) 61... Rf7 62.
Nf4 Rb7 63. Nh5+ Kh7 64. Ra6 Kg8 65. Ra8+ Kh7 66. Nf6+ Kg7 67. Ne8+ Kh7 68. Ra6
{/\69.Rh6+ Kg8 70.Nf6+ צb7} Kg8 (68... Re7 $11) 69. Nd6 Rg7+ 70. Kf6 Kh7 71.
Ra8 Rd7 72. Ne8 $6 {Finally, it is dreev who gets confused and places
hispieces in a rather chaotic way, allowing to his younger opponent to
simplify to a drawn ending.} Bf7 $1 73. Nd6 Rxd6+ 74. Kxf7 Rd7+ 75. Ke6 Rb7 76.
Rxa4 {There are further examples with this ending in the section dedicated to
rook endings.} Rb6+ 77. Ke7 Rb7+ 78. Kf6 Rb6+ 1/2-1/2

[Event "EU-ch 1st"]
[Site "Saint Vincent"]
[Date "2000.07.08"]
[Round "6"]
[White "Milov, Vadim"]
[Black "Romanishin, Oleg M"]
[Result "1-0"]
[WhiteElo "2626"]
[BlackElo "2591"]
[Annotator "Milov,V"]
[PlyCount "103"]
[EventDate "2000.07.03"]
[EventType "swiss"]
[EventRounds "11"]
[EventCountry "ITA"]
[SourceTitle "CBM 078"]
[Source "ChessBase"]
[SourceDate "2000.10.18"]
[SourceVersion "1"]
[SourceVersionDate "2000.10.18"]
[SourceQuality "1"]

1. d4 Nf6 2. c4 e6 3. Nc3 Bb4 4. e3 b6 5. f3 c5 (5... O-O 6. e4 Ba6) 6. d5 Ba6
7. e4 O-O 8. Nh3 d6 9. Bd2 (9. Be2 Qe7 10. O-O $140 $2 Bxc3 11. bxc3 exd5 12.
cxd5 Bxe2 13. Qxe2 Nxd5) (9. Bg5 Qe7) 9... exd5 (9... Qe7 10. a3 $14) 10. cxd5
Bxf1 11. Rxf1 Nbd7 12. a3 Bxc3 13. Bxc3 b5 14. Kf2 a5 15. Kg1 b4 16. Bd2 Qb6
17. Nf2 Rfe8 $6 (17... Qb5 18. Re1 $5 {/\Qe2}) 18. Re1 Qb5 19. Bf4 $1 Ne5 20.
Bxe5 dxe5 $2 (20... Rxe5 21. axb4 Qxb4 (21... cxb4 22. Qd3 $16) 22. Re3 a4 (
22... Qxb2 23. Rb3 Qd4 24. Qxd4 cxd4 25. Rba3 $16) (22... c4 23. Rc3 $16) 23.
Rea3 $14) 21. Qe2 Qxe2 22. Rxe2 Nd7 23. Rc2 Rec8 24. Nd3 $16 f6 25. Rac1 $6 (
25. axb4 axb4 26. Rac1 b3 27. Rc3 Rcb8 {/\28.Nc5 Nc5 29.Rc5 Rb2} 28. Kf1 $16 {
/\Kf1-e1-d2}) 25... bxa3 26. bxa3 Rc7 27. Rb1 c4 28. Rb5 $1 {><Nd7} Ra6 29. Kf2
h5 30. Nb2 Rb6 (30... Nb6 $142 31. Ke3 {/\f4} g5 32. Nd1 (32. Kd2 Rc8 (32...
Kf8 33. Rb3 {/\Rbc3})) 32... Na4 (32... Nc8 33. Nc3 Nd6 34. Rb8+ Kf7 35. Rcb2)
33. Nc3 Nb6 34. Rcb2 (34. Nb1 Nc8 (34... Na4 35. Nd2 Nb6 (35... c3 36. Nb3 Nb2
37. Nc5) 36. Rb1 $18 {/\Rbc1}) 35. Nd2 Nd6) 34... Nc8 35. Rb7 (35. a4 $5) 35...
Rxb7 36. Rxb7 Nd6 37. Rd7 $16) 31. Rxa5 c3 32. Nd3 (32. Nd1 $142 Rb3 33. Ra6
Kf7 34. Rc6 $18) 32... Rb3 33. Nb4 (33. Ra6) 33... Nb6 (33... Nc5 34. d6 Rc8
35. Rxc5) 34. Nc6 $2 (34. Ra6 Rb7 $8 35. Nd3 Rc7 (35... Nc4 36. Rc6) 36. Ke2
$16) 34... Nc4 (34... Rb2 $1 35. Re2 (35. Rxb2 cxb2 36. Rb5 Na4 37. Ke1 f5 38.
Rb8+ Kh7 39. Kd2 fxe4 40. fxe4 Rf7 41. d6 Rd7 42. Nxe5 Rxd6+ 43. Kc2 Rf6 44.
Nd3 Rc6+ 45. Kd2 Rc3 46. Nxb2 Rxa3 $14) 35... Rb3 36. a4 Ra3 $14) 35. Rc5 Rb2 (
35... Nb2 36. Ke2 Na4 37. Rc4 Rxa3 38. Nxe5 Rxc4 39. Nxc4 $18) 36. Rxb2 cxb2
37. Rb5 Kh7 (37... f5 $5 38. Rb8+ Kh7 39. Ke2 fxe4 40. fxe4 Rf7 41. a4 (41. g3
g5 {/\g4,Rf3}) 41... Rf4 42. a5 Rxe4+ 43. Kd3 Re1 44. a6 b1=Q+ 45. Rxb1 Rxb1
46. Kxc4 $18 {Romanishin,Milov}) 38. Ke2 Nxa3 39. Rxb2 $18 Nc4 40. Rb8 Nd6 41.
Kd3 g5 42. Kc3 g4 43. Kb4 gxf3 (43... h4 44. h3) 44. gxf3 Rg7 45. Kc5 Nb7+ 46.
Kb6 Nd6 47. Rd8 Nc4+ 48. Kc5 Nd2 49. d6 Nxf3 50. d7 Ng5 51. Kd5 Kg6 52. h4 (52.
Ne7+) 1-0